00741 a2200169 45000010006000000050017000060080041000230030015000640400040000790800042001192450032001612640080001933000025002735050245002980410008005431000020005513777920260407155644.0260407a1974 arg spa dAR-UNSa-BCEJYS aAR-UNSa-BCEJYSbspacAR-UNSa-BCEJYS a(038)657xDiccionario de Contabilidad10aDiccionario para contadores 1aMéxico :bUnión Tipográfica Editorial Hispano-Americana (UTEHA)c1974 axvii, 717 p.c26 cm. a1. Diccionario para contadores - 2. Lista alfabética de términos español-inglés - 3. Lista alfabética de términos inglés-español - 4. Lista alfabética inglés-español de instituciones, organismos y términos técnicos aspa1 aKohler, Eric L.